السودان تحت الحكم الانجليزى المصرى : (Record no. 12404)
[ view plain ]
| 000 -الفاتح | |
|---|---|
| حقل البيانات ثابتة الطول | 00906nam a22001937a 4500 |
| 008 - عناصر البيانات ثابتة الطول - معلومات عامة | |
| حقل البيانات ثابتة الطول | 090726t xxu||||| |||| 00| 0 ara d |
| 020 ## - الرقم الدولى المعيارى للكتب | |
| الرقم الدولى المعيارى للكتاب | 9772087561 |
| 082 ## - رقم تصنيف ديوى العشرى | |
| رقم الطبعة | 22 |
| رقم التصنيف | 320.962 |
| رقم المادة | ا ل ب |
| 100 1# - المدخل الرئيسى - إسم شخصى | |
| 9 (RLIN) | 8110 |
| الإسم الشخصى | البحيرى ، زكى |
| 245 10 - بيان العنوان | |
| العنوان | السودان تحت الحكم الانجليزى المصرى : |
| بقية العنوان | دراسة فى علاقات وادى النيل1899-1936 |
| بيان المسئوليه,etc | زكى البحيرى |
| 250 ## - بيان الطبعة | |
| بيان الطبعة | ط 1. |
| 260 ## - PUBLICATION, DISTRIBUTION, ETC. (IMPRINT) | |
| مكان الناشر او الموزع | القاهرة: |
| اسم الناشر او الموزع | مدبولى، |
| تاريخ النشر أو التوزيع | 2009 |
| 300 ## - الوصف المادى | |
| التعداد | 456ص ؛ |
| أبعاد الوعاء | 24 سم |
| 504 ## - تبصرة ببليوجرافية | |
| تبصرة ببليوجرافية,الخ | يشتمل على ارجاعات ببليوجرافية( ص408-418 |
| 651 ## - المدخل الاضافى بالموضوع - اسم جغرافى | |
| 9 (RLIN) | 8111 |
| الاسم الجغرافي | السودان |
| التقسيم الفرعي العام | احوال سياسية |
| 651 ## - المدخل الاضافى بالموضوع - اسم جغرافى | |
| 9 (RLIN) | 8112 |
| الاسم الجغرافي | السودان |
| التقسيم الفرعي العام | تاريخ |
| 942 ## - عناصر المدخل الإضافي( كوها) | |
| مصدر التصنيف او مخطط الترفيف | Dewey Decimal Classification |
| Koha [default] item type | Book - Borrowing |
| حالة التراجع | حالة الفقد | مصدر التصنيف او خطة الترفيف | حالة تلف | ليس للاعارة | مجموعات كوها | المكان الدائم | المكان الحالي | موقع الترفيف | تاريخ الاكتساب | Source of acquisition | سعر الشراء الطبيعي | تعداد مسلسل / التسلسل الزمني | رقم الاستدعاء | الباركود | Date last seen | نوع الوعاء |
|---|---|---|---|---|---|---|---|---|---|---|---|---|---|---|---|---|
| Dewey Decimal Classification | Madboly | Central Library | Central Library | First floor | 26/08/2009 | 50.00 | 2358 | 320.962 الب | 000017618 | 15/07/2025 | Book - Borrowing |